| 000 | 00743nam a2200229Ia 4500 | ||
|---|---|---|---|
| 001 | 7383 | ||
| 003 | GE_BSU | ||
| 008 | 181216s||||||||xx |||||||||||||| ||und|| | ||
| 040 | _cGE_BSU | ||
| 080 | _a624.81(075.8) | ||
| 100 | _aКарлсен,Г.Г. Большаков,В.В. Каган,М.Е и др. | ||
| 245 | _aДеревянные конструкций. | ||
| 245 | _bУчебник. | ||
| 245 | _cПод ред. Г.Г.Карлсена. | ||
| 250 | _aИзд 3-ое,перераб.и дополненн. | ||
| 260 | _aМ. | ||
| 260 | _bГосстройиздат. | ||
| 260 | _c1962. | ||
| 300 | _a664стр.илл.22см.библиогр.:стр.622-624. | ||
| 653 | _aДеревянные конструкций. | ||
| 942 | _cBK | ||
| 999 |
_c40744 _d40744 |
||